Nouns : 1

Bibliographic Details
Main Author: Jones, Faye
Corporate Author: Title
Format: Book
Published: Kuala Lumpur : Scholar's Publications , 2005
Series:Fun to read and easy to understand grammar series
Subjects:

MARC

LEADER 00000cam a2200000 7i4500
001 0000005241
005 20151222.0
008 070802
020 |a 9833354084 
090 0 0 |a JF   |b EDU ENG (5708) 
100 1 |a Jones, Faye 
245 1 0 |a Nouns :   |b 1   |c Faye Jones 
260 |a Kuala Lumpur :   |b Scholar's Publications ,   |c 2005 
440 |a Fun to read and easy to understand grammar series 
500 |a Children ages 7-9 years old (orange) 
650 0 |a Education 
650 0 |a Junior fiction   |x English   |x Languages 
710 0 |a Title 
999 |a 0000977530   |b Book   |c Children Collection   |e Perbadanan Perpustakaan Awam Johor 
999 |a 0000977532   |b Book   |c Children Collection   |e Perbadanan Perpustakaan Awam Johor 
999 |a 0000977533   |b Book   |c Children Collection   |e Perbadanan Perpustakaan Awam Johor 
999 |a 0000977534   |b Book   |c Children Collection   |e Perbadanan Perpustakaan Awam Johor 
999 |a 0000980576   |b Book   |c Children Collection   |e Cawangan Taman Universiti 
999 |a 0000980578   |b Book   |c Children Collection   |e Cawangan Taman Universiti 
999 |a 0000980579   |b Book   |c Children Collection   |e Cawangan Tmn. Ungku Tun Aminah